|
|
|
|
| LEADER |
02699nam a22005415i 4500 |
| 001 |
978-3-319-49733-4 |
| 003 |
DE-He213 |
| 005 |
20161118111509.0 |
| 007 |
cr nn 008mamaa |
| 008 |
161118s2016 gw | s |||| 0|eng d |
| 020 |
|
|
|a 9783319497334
|9 978-3-319-49733-4
|
| 024 |
7 |
|
|a 10.1007/978-3-319-49733-4
|2 doi
|
| 040 |
|
|
|d GrThAP
|
| 050 |
|
4 |
|a QA76.76.A65
|
| 072 |
|
7 |
|a UNH
|2 bicssc
|
| 072 |
|
7 |
|a UDBD
|2 bicssc
|
| 072 |
|
7 |
|a COM032000
|2 bisacsh
|
| 082 |
0 |
4 |
|a 005.7
|2 23
|
| 245 |
1 |
0 |
|a Beyond Interpretivism? New Encounters with Technology and Organization
|h [electronic resource] :
|b IFIP WG 8.2 Working Conference on Information Systems and Organizations, IS&O 2016, Dublin, Ireland, December 9-10, 2016, Proceedings /
|c edited by Lucas Introna, Donncha Kavanagh, Séamas Kelly, Wanda Orlikowski, Susan Scott.
|
| 264 |
|
1 |
|a Cham :
|b Springer International Publishing :
|b Imprint: Springer,
|c 2016.
|
| 300 |
|
|
|a XX, 247 p. 13 illus.
|b online resource.
|
| 336 |
|
|
|a text
|b txt
|2 rdacontent
|
| 337 |
|
|
|a computer
|b c
|2 rdamedia
|
| 338 |
|
|
|a online resource
|b cr
|2 rdacarrier
|
| 347 |
|
|
|a text file
|b PDF
|2 rda
|
| 490 |
1 |
|
|a IFIP Advances in Information and Communication Technology,
|x 1868-4238 ;
|v 489
|
| 520 |
|
|
|a This book constitutes the refereed proceedings of the IFIP WG 8.2 Working Conference on Information Systems and Organizations, IS&O 2016, held in Dublin, Ireland, in December 2016. The 12 revised full papers presented were carefully reviewed and selected from 75 submissions. The papers are organized in the following topical sections: doing process research; exploring affect and affordance; considering communication and performance; and examining knowledge and practice.
|
| 650 |
|
0 |
|a Computer science.
|
| 650 |
|
0 |
|a Application software.
|
| 650 |
|
0 |
|a Computers and civilization.
|
| 650 |
|
0 |
|a Management information systems.
|
| 650 |
1 |
4 |
|a Computer Science.
|
| 650 |
2 |
4 |
|a Information Systems Applications (incl. Internet).
|
| 650 |
2 |
4 |
|a Management of Computing and Information Systems.
|
| 650 |
2 |
4 |
|a Computers and Society.
|
| 650 |
2 |
4 |
|a Computer Appl. in Social and Behavioral Sciences.
|
| 700 |
1 |
|
|a Introna, Lucas.
|e editor.
|
| 700 |
1 |
|
|a Kavanagh, Donncha.
|e editor.
|
| 700 |
1 |
|
|a Kelly, Séamas.
|e editor.
|
| 700 |
1 |
|
|a Orlikowski, Wanda.
|e editor.
|
| 700 |
1 |
|
|a Scott, Susan.
|e editor.
|
| 710 |
2 |
|
|a SpringerLink (Online service)
|
| 773 |
0 |
|
|t Springer eBooks
|
| 776 |
0 |
8 |
|i Printed edition:
|z 9783319497327
|
| 830 |
|
0 |
|a IFIP Advances in Information and Communication Technology,
|x 1868-4238 ;
|v 489
|
| 856 |
4 |
0 |
|u http://dx.doi.org/10.1007/978-3-319-49733-4
|z Full Text via HEAL-Link
|
| 912 |
|
|
|a ZDB-2-SCS
|
| 950 |
|
|
|a Computer Science (Springer-11645)
|